000
00306nam a2200109Ia 4500
008
200302s9999 xx 000 0 und d
100
_a
Johnnes Cramer and Stefan Breitling
245
_a
Architecture in Existing Fabric Planning Design Building
260
_b
Birkhauser/Basel
260
_c
2007
300
_a
221
999
_c
3643
_d
3643